000 00461nam a2200193Ia 4500
005 20240823043242.0
008 240823s9999||||xx |||||||||||||| ||und||
020 _a81 88429 63 5
041 _aENGLISH
082 _A519.4 P5
100 _aArumugam M et al.
245 0 _aNumerical Methods
250 _a2nd
260 _c2005
_bScitech Ch
_aChennai
500 _aTRANSFERED
650 _aNumerical Methods
_bMathematics
942 _cBK
999 _c209796
_d209796